Normal view
MARC view
Entry Topical Term
001 - CONTROL NUMBER
- control field: 111100
003 - CONTROL NUMBER IDENTIFIER
- control field: OSt
005 - DATE AND TIME OF LATEST TRANSACTION
- control field: 20230523110311.0
008 - FIXED-LENGTH DATA ELEMENTS
- fixed length control field: 230523|| aca||aabn | a|a d
040 ## - CATALOGING SOURCE
- Original cataloging agency: OSt
- Transcribing agency: OSt
150 ## - HEADING--TOPICAL TERM
- Topical term or geographic name entry element: Financial Economics
670 ## - SOURCE DATA FOUND
- Source citation: Work cat.: (OSt)167907: TYAGI (Deepmala);DHODI (Sonia) 111098, IBPS CWE PO/MT-VI preliminary 2016: model guess papers, 2016